[Event "ChFraOpenD2011"]
[Site "Caen"]
[Date "2011.08.16"]
[Round "1.1"]
[White "Apap, Titouan"]
[Black "Barde, Quentin"]
[Result "0-1"]
[WhiteElo "1387"]
[BlackElo "1500"]
[PlyCount "64"]

1. d4 d5 2. c4 g6 3. Nc3 c6 4. e4 dxe4 5. Nxe4 Bg7 6. Nf3 Bg4 7. Be3 Bxf3 8.
Qxf3 Bxd4 9. Rd1 Qa5+ 10. b4 Qxb4+ 11. Bd2 Qb6 12. Qd3 Be5 13. Be3 Qa5+ 14. Rd2
f5 15. Nc5 Bc3 16. Ne6 Nf6 17. Be2 Nbd7 18. O-O Bxd2 19. Bxd2 Qe5 20. Nd4 Nc5
21. Qe3 Qxe3 22. Bxe3 e5 23. Nxc6 bxc6 24. Bxc5 Ne4 25. Bf3 Kf7 26. Bxe4 fxe4
27. f4 exf3 28. Rxf3+ Ke6 29. Re3 Rhd8 30. g4 Rd2 31. a3 Rb8 32. Bxa7 Rb1+ 0-1

[Event "ChFraOpenD2011"]
[Site "Caen"]
[Date "2011.08.16"]
[Round "1.2"]
[White "Caldarola, Stephane"]
[Black "Alinc, Deborah"]
[Result "1-0"]
[WhiteElo "1499"]
[BlackElo "1380"]
[PlyCount "57"]

1. d4 e5 2. dxe5 Nc6 3. Nf3 Qe7 4. g3 Qb4+ 5. Nbd2 Bc5 6. Bg2 b6 7. O-O Bb7 8.
c3 Qb5 9. a4 Qa6 10. b4 Be7 11. b5 Qa5 12. Qc2 Nb4 13. cxb4 Bxb4 14. Nb3 c6 15.
Nxa5 Bxa5 16. Nd4 c5 17. Bxb7 Rb8 18. Nf5 Rxb7 19. Nd6+ Kd8 20. Nxb7+ Ke8 21.
Nxa5 bxa5 22. Qxc5 Ne7 23. Ba3 Kd8 24. Qxe7+ Kc8 25. Rac1+ Kb8 26. Qd6+ Ka8 27.
Rc7 a6 28. Qd5+ Kb8 29. Qb7# 1-0

[Event "ChFraOpenD2011"]
[Site "Caen"]
[Date "2011.08.16"]
[Round "1.3"]
[White "Darpoux, Danielle"]
[Black "Chanteloup, Guillaume"]
[Result "1/2-1/2"]
[WhiteElo "1380"]
[BlackElo "1499"]
[PlyCount "89"]

1. e4 c5 2. Nf3 d6 3. Nc3 Nf6 4. d3 g6 5. Be2 Bg7 6. O-O O-O 7. Rb1 Nc6 8. Be3
Ng4 9. Qd2 Nxe3 10. fxe3 Bh6 11. Nd1 Nd4 12. c3 Nxe2+ 13. Qxe2 Be6 14. c4 Bd7
15. a3 Ba4 16. b3 Bd7 17. h3 a6 18. Qf2 b5 19. d4 bxc4 20. bxc4 Rb8 21. Nc3 Qa5
22. Nd5 Rfe8 23. Qh4 Bf8 24. Ng5 h6 25. Rxb8 Rxb8 26. Nxf7 Be6 27. Nxe7+ Bxe7
28. Qxe7 Bxc4 29. Nxh6+ Kh8 30. Qf6+ Kh7 31. Qxd6 Bxf1 32. Qxb8 Qe1 33. Qg8+
Kxh6 34. Qf8+ Kh7 35. Qxf1 Qxe3+ 36. Qf2 Qc1+ 37. Kh2 c4 38. Qf7+ Kh6 39. h4 c3
40. Qg8 Qf4+ 41. Kg1 Qe3+ 42. Kf1 Qxd4 43. Qf8+ Kh7 44. Qe7+ Kh8 45. Qe8+
1/2-1/2

[Event "ChFraOpenD2011"]
[Site "Caen"]
[Date "2011.08.16"]
[Round "1.4"]
[White "Helie, Raymond"]
[Black "Dugas, Daniele"]
[Result "1-0"]
[WhiteElo "1499"]
[BlackElo "1380"]
[PlyCount "85"]

1. d4 d5 2. e3 e6 3. f4 Nf6 4. h4 c5 5. Nf3 Nc6 6. a4 a6 7. c3 Bd7 8. Ng5 h6 9.
Nf3 Qb6 10. Ne5 cxd4 11. exd4 Bd6 12. Qe2 Qd8 13. g3 Ne4 14. Qh5 Nxe5 15. fxe5
Nxg3 16. Qf3 Nxh1 17. Qxh1 Be7 18. h5 O-O 19. Qg2 Bg5 20. Nd2 Bxd2+ 21. Bxd2
Qh4+ 22. Kd1 Qxh5+ 23. Be2 Qg6 24. Qh1 b5 25. a5 f5 26. Bd3 Be8 27. Kc2 Qh5 28.
Qg2 Bg6 29. Rh1 Qg4 30. Qh2 Rac8 31. Rg1 Bh5 32. Rxg4 Bxg4 33. b4 h5 34. Qh4
Rce8 35. Bf4 Rf7 36. Kd2 g6 37. Bg5 f4 38. Bf6 Kh7 39. Qg5 Bf5 40. Be2 Rc8 41.
Bxh5 gxh5 42. Qxh5+ Kg8 43. Qh8# 1-0

[Event "ChFraOpenD2011"]
[Site "Caen"]
[Date "2011.08.16"]
[Round "1.5"]
[White "Dautheville, Eric"]
[Black "Le Boette, Guershom"]
[Result "1-0"]
[WhiteElo "1379"]
[BlackElo "1499"]
[PlyCount "111"]

1. d4 e5 2. dxe5 f6 3. exf6 Nxf6 4. Nf3 Bc5 5. e3 d5 6. Nc3 Nc6 7. Bb5 Bd7 8.
Nxd5 O-O 9. O-O Be6 10. Nxf6+ Qxf6 11. a3 Rad8 12. Qe2 Qg6 13. Bd3 Bf5 14. Bxf5
Qxf5 15. b4 Be7 16. Bb2 Rd6 17. Nd4 Qe4 18. Qc4+ Kh8 19. Rfd1 Rg6 20. Qf1 Nxd4
21. Bxd4 Qxc2 22. Rac1 Qe4 23. g3 Bh4 24. Qg2 Qxg2+ 25. Kxg2 Bg5 26. Rxc7 Rb8
27. Bxa7 Rd8 28. Rxd8+ Bxd8 29. Rxb7 Ra6 30. Rb8 Kg8 31. Rxd8+ Kf7 32. Rd7+ Kg6
33. Bd4 Rxa3 34. Rxg7+ Kh6 35. Ra7 Rb3 36. Ra6+ Kh5 37. Ra5+ Kg6 38. b5 h5 39.
h3 Rb4 40. b6 Kf7 41. Ra7+ Kg6 42. b7 Kg5 43. f4+ Kh6 44. Be5 Rb6 45. b8=Q Rxb8
46. Bxb8 Kg6 47. Ra5 Kh6 48. Kf3 Kg6 49. Ke4 Kh6 50. Kf5 Kg7 51. Ra6 Kh7 52.
Rf6 Kg7 53. Kg5 Kh7 54. Rf7+ Kg8 55. Kg6 Kh8 56. Rf8# 1-0

[Event "ChFraOpenD2011"]
[Site "Caen"]
[Date "2011.08.16"]
[Round "1.6"]
[White "Pagandet, Eric"]
[Black "Buyukyalcin-Moussa, Elyes"]
[Result "1-0"]
[WhiteElo "1499"]
[BlackElo "1370"]
[PlyCount "137"]

1. e4 c5 2. Nc3 Nc6 3. Nf3 d6 4. g3 Bg4 5. Bg2 Nf6 6. d3 g6 7. Be3 Bg7 8. Qd2
O-O 9. Bh6 Qd7 10. h3 Bxf3 11. Bxf3 Nd4 12. Bg2 Ne6 13. Bxg7 Kxg7 14. O-O Rac8
15. Rae1 b6 16. e5 dxe5 17. Rxe5 c4 18. Re3 Rfd8 19. Rd1 Nc5 20. d4 Rc7 21. Qe2
Na6 22. Ne4 Nxe4 23. Rxe4 Nb4 24. a3 Nd5 25. c3 Nf6 26. Re3 Re8 27. Kh2 Nd5 28.
Re4 Nf6 29. Re3 Nd5 30. Re5 Nf6 31. Qc2 a6 32. Rde1 b5 33. R5e3 Qf5 34. Qxf5
gxf5 35. Re5 e6 36. d5 Rce7 37. dxe6 fxe6 38. Bc6 Nd7 39. Bxd7 Rxd7 40. Rxe6
Rxe6 41. Rxe6 Rd2 42. Kg2 Rxb2 43. Rxa6 Rb3 44. Ra5 Rxc3 45. Rxb5 Rxa3 46. Rxf5
c3 47. Rc5 Kg6 48. Kf3 c2+ 49. Ke2 Ra2 50. Kd3 c1=Q 51. Rxc1 Rxf2 52. Rg1 h5
53. Ke3 Rf5 54. Ke4 Kg5 55. Rd1 Kg6 56. Rd6+ Kg5 57. Rd5 Rxd5 58. Kxd5 Kf5 59.
Kd4 Kg5 60. Ke5 Kg6 61. Ke6 Kg5 62. Kf7 Kf5 63. Kg7 Kg5 64. Kh7 h4 65. g4 Kf4
66. Kh6 Kg3 67. g5 Kxh3 68. g6 Kg4 69. g7 1-0

[Event "ChFraOpenD2011"]
[Site "Caen"]
[Date "2011.08.16"]
[Round "1.7"]
[White "Cepisul, Karen"]
[Black "Piot, Gonzague"]
[Result "1-0"]
[WhiteElo "1370"]
[BlackElo "1499"]
[PlyCount "69"]

1. d4 e6 2. c4 Nc6 3. Nc3 Nf6 4. Bg5 h6 5. Bh4 Bb4 6. e3 g5 7. Bg3 a5 8. Nf3
Qe7 9. Bd3 Nh5 10. Bxc7 d6 11. Bb6 g4 12. Nd2 e5 13. O-O Be6 14. Qa4 g3 15. d5
Rc8 16. dxc6 Qh4 17. c7+ Kf8 18. Nf3 gxh2+ 19. Nxh2 Rg8 20. Be4 Ra8 21. g3 Qh3
22. Bg2 Qf5 23. g4 Qg5 24. Ne4 Qg6 25. a3 Ra6 26. Qb5 Ra8 27. axb4 Bxg4 28.
Nxg4 Qxg4 29. Ng3 Ke7 30. Qd5 a4 31. Rad1 Nf6 32. Qxd6+ Ke8 33. Qxf6 Kf8 34.
Bc5+ Ke8 35. Qe7# 1-0

[Event "ChFraOpenD2011"]
[Site "Caen"]
[Date "2011.08.16"]
[Round "1.8"]
[White "Pupin, Herve"]
[Black "Troadec, Christelle"]
[Result "1-0"]
[WhiteElo "1499"]
[BlackElo "1370"]
[PlyCount "73"]

1. c4 e5 2. Nc3 Bb4 3. g3 Ne7 4. Bg2 O-O 5. Nf3 Nbc6 6. O-O Ng6 7. Nd5 f5 8. d4
Be7 9. h4 h5 10. Ng5 Nxd4 11. e4 Ne6 12. Nxe7+ Qxe7 13. Qxh5 Rf6 14. exf5 Ngf8
15. fxe6 dxe6 16. Be4 g6 17. Qh6 Bd7 18. Bc2 Nh7 19. Bxg6 Nxg5 20. Bxg5 Raf8
21. Bxf6 Rxf6 22. Qg5 Kg7 23. Be4+ Kf7 24. Qh5+ Kg8 25. Kg2 Be8 26. Qg4+ Kf8
27. f3 Qb4 28. b3 b5 29. Rf2 Rf7 30. Qxe6 Qc3 31. Rd1 Re7 32. Qf6+ Rf7 33. Qh8+
Ke7 34. h5 Qa5 35. h6 Qa6 36. Rh1 Bd7 37. Qxe5+ 1-0

[Event "ChFraOpenD2011"]
[Site "Caen"]
[Date "2011.08.16"]
[Round "1.9"]
[White "Benezra, Esther"]
[Black "Tabourdeau, Leslie"]
[Result "1-0"]
[WhiteElo "1360"]
[BlackElo "1499"]
[PlyCount "43"]

1. e4 e5 2. Nf3 Nc6 3. d4 d6 4. dxe5 dxe5 5. Qxd8+ Nxd8 6. Nxe5 Be6 7. Bc4 Bxc4
8. Nxc4 Nf6 9. Nc3 Bb4 10. O-O Bxc3 11. bxc3 Nxe4 12. Re1 f5 13. f3 O-O 14.
fxe4 Re8 15. Bf4 fxe4 16. Bxc7 Ne6 17. Be5 Ng5 18. h4 b5 19. hxg5 bxc4 20. Rxe4
Rac8 21. Rae1 Rc5 22. Bd6 1-0

[Event "ChFraOpenD2011"]
[Site "Caen"]
[Date "2011.08.16"]
[Round "1.10"]
[White "Truphemus, Serge"]
[Black "Galy, Christian"]
[Result "1-0"]
[WhiteElo "1499"]
[BlackElo "1360"]
[PlyCount "131"]

1. e4 g6 2. d4 Bg7 3. Nf3 d6 4. Bg5 Nd7 5. Bb5 a6 6. Ba4 b5 7. Bb3 c5 8. Bd5
Ra7 9. Bc6 Bb7 10. Bxb7 Rxb7 11. c3 a5 12. a3 Qb6 13. Be3 Ngf6 14. Nbd2 Ng4 15.
h3 Nxe3 16. fxe3 O-O 17. O-O Nf6 18. e5 Nd5 19. Qe2 dxe5 20. Nxe5 cxd4 21. exd4
Qe6 22. Rae1 f6 23. Nef3 Qd6 24. Qe6+ Qxe6 25. Rxe6 Nf4 26. Re3 e6 27. Nb3 Re8
28. Nxa5 Rb6 29. c4 e5 30. Rc1 bxc4 31. Nxc4 e4 32. Nxb6 Nd3 33. Rc2 f5 34. g3
Bh6 35. Rxd3 exd3 36. Rg2 Rb8 37. Nc4 Rb3 38. a4 Kf7 39. Nfe5+ Ke6 40. a5 Rb7
41. Nxd3 Kd5 42. Nde5 Kxd4 43. Rc2 Bf8 44. a6 Rb8 45. Nc6+ Kd5 46. Nxb8 Bc5+
47. Kg2 Ba7 48. Nd7 Kc6 49. Na5+ Kxd7 50. Nc6 Kc7 51. Nxa7+ Kb6 52. Nc8+ Kxa6
53. b4 Kb5 54. Rb2 h6 55. Nd6+ Kc6 56. Nf7 h5 57. b5+ Kb6 58. Nd6 Ka7 59. Rd2
Kb6 60. Rd5 Kc7 61. h4 f4 62. gxf4 Kb6 63. Rg5 Kc7 64. Rxg6 Kb6 65. f5 Kc7 66.
Rh6 1-0

[Event "ChFraOpenD2011"]
[Site "Caen"]
[Date "2011.08.17"]
[Round "2.1"]
[White "Barde, Quentin"]
[Black "Bahuon, Kevin"]
[Result "1-0"]
[WhiteElo "1500"]
[BlackElo "1420"]
[PlyCount "91"]
[EventDate "2011.??.??"]

1. d4 d5 2. c4 dxc4 3. Nc3 Nf6 4. Bg5 Nc6 5. e3 e5 6. Bxf6 gxf6 7. d5 Nb4 8.
Bxc4 c6 9. a3 Nxd5 10. Nxd5 cxd5 11. Bxd5 Be6 12. Bxb7 Qxd1+ 13. Rxd1 Rb8 14.
Bc6+ Ke7 15. b4 Bh6 16. Bd5 Rhd8 17. Bxe6 Rxd1+ 18. Kxd1 Rd8+ 19. Kc2 fxe6 20.
Ne2 f5 21. b5 f4 22. e4 f3 23. Ng3 Rd2+ 24. Kb3 fxg2 25. Rg1 Rxf2 26. Nh1 Be3
27. Nxf2 Bxf2 28. Rxg2 Bd4 29. Rg7+ Kd6 30. Kc4 h6 31. a4 Bb6 32. Rh7 Be3 33.
h4 Bd2 34. Rxa7 Be3 35. Rh7 Bd4 36. a5 h5 37. a6 Ba7 38. Rxh5 Kd7 39. Rh7+ Kd6
40. h5 Be3 41. h6 Bd4 42. Rb7 Be3 43. h7 Bg5 44. h8=Q Bf6 45. Qc8 Be7 46. Qc6#
1-0

[Event "ChFraOpenD2011"]
[Site "Caen"]
[Date "2011.08.17"]
[Round "2.2"]
[White "Grothe, Franz"]
[Black "Caldarola, Stephane"]
[Result "0-1"]
[WhiteElo "1419"]
[BlackElo "1499"]
[PlyCount "186"]
[EventDate "2011.??.??"]

1. d4 d5 2. Nf3 Nf6 3. e3 Bf5 4. Bd3 Bxd3 5. Qxd3 e6 6. Qb5+ Nbd7 7. Qxb7 Bd6
8. Qb5 O-O 9. O-O e5 10. dxe5 Nxe5 11. Nbd2 Nxf3+ 12. Nxf3 Ne4 13. b3 Qf6 14.
Rb1 Nc3 15. Bb2 Nxb5 16. Bxf6 gxf6 17. a4 Nc3 18. Ra1 a5 19. Nd4 Be5 20. Rae1
Bxd4 21. exd4 Rfe8 22. Re3 Rxe3 23. fxe3 Ne4 24. Re1 Nc3 25. Rf1 Kg7 26. Rf3
Ne4 27. Rf4 h5 28. g4 hxg4 29. Rxg4+ Kh7 30. h3 f5 31. Rh4+ Kg6 32. Rf4 Nc3 33.
Kf1 Re8 34. h4 Rxe3 35. h5+ Kg5 36. Rf2 Rh3 37. Rg2+ Kf6 38. Rg8 Rxh5 39. Rc8
Rh2 40. Rxc7 Rxc2 41. Rc5 f4 42. Rxa5 Rb2 43. Ra6+ Kf5 44. Rb6 Nxa4 45. Rb7 f6
46. Ke1 f3 47. Rb5 f2+ 48. Kf1 Nc3 49. Rc5 Kf4 50. Rxc3 Ke4 51. b4 Kxd4 52. Rf3
Rxb4 53. Rf4+ Kc5 54. Rxf6 Re4 55. Rxf2 Kc4 56. Rf3 d4 57. Ra3 Kd5 58. Ra5+ Ke6
59. Ra8 Kf5 60. Rf8+ Kg4 61. Rg8+ Kf3 62. Rh8 Ke3 63. Rh3+ Kd2 64. Rh2+ Kc1 65.
Rh3 Kd2 66. Rh2+ Kc3 67. Ra2 d3 68. Ra3+ Kc2 69. Ra2+ Kb1 70. Rd2 Re3 71. Kf2
Rh3 72. Kg2 Kc1 73. Rf2 Re3 74. Rf1+ Kc2 75. Kf2 Re2+ 76. Kg3 Re8 77. Ra1 d2
78. Ra2+ Kc1 79. Ra1+ Kb2 80. Rh1 Re1 81. Rh2 Kc1 82. Rxd2 Kxd2 83. Kf2 Re3 84.
Kf1 Kd3 85. Kf2 Ke4 86. Kf1 Kf3 87. Kg1 Re2 88. Kf1 Ke3 89. Kg1 Ra2 90. Kf1 Rb2
91. Kg1 Kf3 92. Kh1 Kg3 93. Kg1 Rb1# 0-1

[Event "ChFraOpenD2011"]
[Site "Caen"]
[Date "2011.08.17"]
[Round "2.3"]
[White "Dulauroy, Philippe"]
[Black "Helie, Raymond"]
[Result "1-0"]
[WhiteElo "1413"]
[BlackElo "1499"]
[PlyCount "85"]
[EventDate "2011.??.??"]

1. e4 e5 2. Nf3 d5 3. Nc3 d4 4. Ne2 f6 5. Ng3 h5 6. Nh4 Bg4 7. Be2 Qd7 8. d3
Bxe2 9. Qxe2 Qg4 10. Nf3 g6 11. h3 Qd7 12. Bd2 a5 13. Nh4 Ne7 14. f4 Qb5 15. b3
Nd7 16. O-O O-O-O 17. fxe5 Qxe5 18. Qe1 b6 19. Ne2 c5 20. c3 Nb8 21. cxd4 cxd4
22. Nf3 Qc5 23. Rc1 Qxc1 24. Qxc1+ Nec6 25. Nexd4 Bc5 26. Be3 Kb7 27. Ne6 Rxd3
28. Bxc5 Rc8 29. Qh6 Nd7 30. Qg7 bxc5 31. Nxc5+ Kb6 32. Nxd3 Rc7 33. Rc1 Nde5
34. Qxc7+ Kxc7 35. Ndxe5 fxe5 36. Nxe5 Kd6 37. Nxc6 Ke6 38. Nxa5 Ke5 39. Rc6 g5
40. Rc5+ Kf4 41. e5 g4 42. e6 gxh3 43. gxh3 1-0

[Event "ChFraOpenD2011"]
[Site "Caen"]
[Date "2011.08.17"]
[Round "2.4"]
[White "Doucet, Claude"]
[Black "Pagandet, Eric"]
[Result "0-1"]
[WhiteElo "1402"]
[BlackElo "1499"]
[PlyCount "36"]
[EventDate "2011.??.??"]

1. d4 d5 2. c4 e6 3. Nc3 Nf6 4. cxd5 exd5 5. Nf3 Be7 6. e3 c6 7. Bd3 Qc7 8. O-O
Bg4 9. h3 h5 10. hxg4 hxg4 11. Ne5 Nbd7 12. g3 Nxe5 13. dxe5 Qxe5 14. Kg2 O-O-O
15. Qc2 Qh5 16. Bf5+ Kb8 17. Bxg4 Nxg4 18. Kf3 Ne5+ 0-1

[Event "ChFraOpenD2011"]
[Site "Caen"]
[Date "2011.08.17"]
[Round "2.5"]
[White "Zwenger, Emmanuel"]
[Black "Pupin, Herve"]
[Result "1-0"]
[WhiteElo "1400"]
[BlackElo "1499"]
[PlyCount "72"]
[EventDate "2011.??.??"]

1. e4 d6 2. d4 Nf6 3. Nc3 g6 4. h3 Bg7 5. Nf3 O-O 6. Bc4 e6 7. O-O d5 8. Bd3 b6
9. e5 Nfd7 10. Ne2 c5 11. c3 Nc6 12. Bc2 a5 13. a3 Ba6 14. Re1 b5 15. Bd2 h5
16. Ng5 Qe7 17. f4 Bh6 18. g4 hxg4 19. hxg4 Kg7 20. Kg2 f6 21. Nf3 Rf7 22. g5
fxg5 23. fxg5 Bxg5 24. Bxg5 Qf8 25. Qd3 Rf5 26. Qe3 Rf7 27. Bh6+ Kh7 28. Bxf8
Nxf8 29. Rh1+ Kg8 30. Rh3 c4 31. Rah1 Nh7 32. Ng5 Nxg5 33. Rh8+ Kg7 34. Rxa8
Bb7 35. Rah8 Ne7 36. Qxg5 b4 1-0

[Event "ChFraOpenD2011"]
[Site "Caen"]
[Date "2011.08.17"]
[Round "2.6"]
[White "Lenen, Pierre"]
[Black "Truphemus, Serge"]
[Result "0-1"]
[WhiteElo "1391"]
[BlackElo "1499"]
[PlyCount "96"]
[EventDate "2011.??.??"]

1. e4 e5 2. Nf3 Nc6 3. Bc4 Nf6 4. d3 Bc5 5. c3 Be7 6. Nbd2 d5 7. exd5 Nxd5 8.
Ne4 Bg4 9. Ng3 h6 10. h3 Be6 11. O-O Bg5 12. Re1 Bxc1 13. Rxc1 f6 14. Bb3 Qe7
15. d4 O-O-O 16. Qe2 Nf4 17. Bxe6+ Qxe6 18. Qe4 g5 19. dxe5 fxe5 20. Qf5 Qxf5
21. Nxf5 Nd3 22. Rcd1 Nxe1 23. Rxe1 Rde8 24. Re4 b5 25. Ne3 Re6 26. Nf5 Rh7 27.
N3d4 Nxd4 28. Nxd4 Rb6 29. Rxe5 a6 30. Kf1 Kd7 31. Ke2 Re7 32. Rxe7+ Kxe7 33.
Nf5+ Kf7 34. Ne3 Ke6 35. b3 c5 36. c4 b4 37. Nd5 Rb7 38. Ke3 Rf7 39. f4 gxf4+
40. Nxf4+ Ke5 41. Nd3+ Kd6 42. Nf2 Re7+ 43. Kd2 h5 44. Nd3 h4 45. Nf4 Rg7 46.
Ke3 Ke5 47. Nd3+ Kd6 48. Kf3 Rg3+ 0-1

[Event "ChFraOpenD2011"]
[Site "Caen"]
[Date "2011.08.17"]
[Round "2.7"]
[White "Kneib, Bernard"]
[Black "Maietti, Tom"]
[Result "1-0"]
[WhiteElo "1498"]
[BlackElo "1410"]
[PlyCount "127"]
[EventDate "2011.??.??"]

1. e4 d5 2. exd5 c6 3. dxc6 Nxc6 4. Bb5 e5 5. Bxc6+ bxc6 6. Nc3 Bd6 7. d3 Nf6
8. Nf3 Bg4 9. O-O Qc7 10. h3 Bh5 11. Bg5 Qe7 12. Ne4 Rd8 13. Re1 h6 14. Bh4 g5
15. Nxf6+ Qxf6 16. Bg3 Bxf3 17. Qxf3 Qxf3 18. gxf3 f6 19. Rad1 Kf7 20. c3 Rb8
21. b3 Rb7 22. d4 Ke6 23. dxe5 Bxe5 24. f4 gxf4 25. Bxf4 Kf5 26. Bxe5 fxe5 27.
Kh2 Rg8 28. Rd6 Rg6 29. Rxg6 Kxg6 30. Rxe5 Rf7 31. Kg3 Rg7 32. Kf4 Rf7+ 33. Ke3
Kf6 34. Re4 Kg5 35. Rg4+ Kh5 36. Rf4 Re7+ 37. Re4 Rb7 38. c4 Kg5 39. f3 Kf5 40.
Rd4 Kg5 41. c5 a5 42. Rd6 Re7+ 43. Kf2 Rc7 44. a3 h5 45. b4 axb4 46. axb4 Kh4
47. Kg2 Rg7+ 48. Kf2 Kxh3 49. Rxc6 Rg2+ 50. Ke3 h4 51. b5 Rg3 52. b6 Kg2 53. b7
Rxf3+ 54. Kd4 Rf4+ 55. Kc3 Rf3+ 56. Kb4 Rf1 57. Ka5 Ra1+ 58. Kb6 h3 59. Rg6+
Kf3 60. Rh6 Kg2 61. Kc7 Ra7 62. Kb6 Ra1 63. Kc7 Ra7 64. Kc8 1-0

[Event "ChFraOpenD2011"]
[Site "Caen"]
[Date "2011.08.17"]
[Round "2.8"]
[White "Levy, Stephane"]
[Black "Dupeux, Simeon"]
[Result "0-1"]
[WhiteElo "1390"]
[BlackElo "1493"]
[PlyCount "106"]
[EventDate "2011.??.??"]

1. e4 c5 2. Nf3 d6 3. d4 cxd4 4. Nxd4 g6 5. Nc3 Bg7 6. Be3 Nf6 7. Be2 Nc6 8.
Nb3 Bd7 9. f3 O-O 10. Qd2 a6 11. g4 b5 12. a3 Qc7 13. g5 Ne8 14. Nd5 Qd8 15. c3
Be6 16. f4 Nc7 17. Nd4 Bxd4 18. Bxd4 Nxd5 19. exd5 Bxd5 20. Rg1 Nxd4 21. Qxd4
Bb3 22. h4 Rb8 23. h5 Qb6 24. Qxb6 Rxb6 25. Kd2 Rc6 26. Rae1 e6 27. Rh1 Bd5 28.
Rh4 Bc4 29. Reh1 Bxe2 30. Kxe2 Rc7 31. hxg6 fxg6 32. Ke3 Rff7 33. Ke4 Rc4+ 34.
Ke3 d5 35. R1h3 Re4+ 36. Kf3 e5 37. f5 Rxf5+ 38. Kg3 Rxg5+ 39. Kh2 Rxh4 40.
Rxh4 Rh5 41. Rxh5 gxh5 42. Kg3 Kg7 43. Kf3 Kf6 44. Ke3 Kf5 45. Kd3 h4 46. Ke3
Kg4 47. Kf2 h3 48. Kg1 Kg3 49. Kh1 e4 50. c4 dxc4 51. a4 e3 52. b4 e2 53. a5
e1=Q# 0-1

[Event "ChFraOpenD2011"]
[Site "Caen"]
[Date "2011.08.17"]
[Round "2.9"]
[White "Frederic, Christine"]
[Black "Roman, Sylvian"]
[Result "1/2-1/2"]
[WhiteElo "1492"]
[BlackElo "1406"]
[PlyCount "148"]
[EventDate "2011.??.??"]

1. e4 e5 2. d4 exd4 3. Qxd4 Nc6 4. Qe3 Nf6 5. Nc3 Bb4 6. Bd2 O-O 7. O-O-O d6 8.
Bc4 Bc5 9. Qg3 Nh5 10. Qf3 Ne5 11. Qe2 Nxc4 12. Qxc4 Be6 13. Qe2 Nf6 14. f3 Bb4
15. a3 Bxc3 16. Bxc3 Nd7 17. h4 a6 18. f4 b5 19. f5 Bc4 20. Qg4 f6 21. Bd2 Ne5
22. Qg3 b4 23. Bxb4 h5 24. Nf3 Ng4 25. Nd4 Qe8 26. Ne6 Bxe6 27. fxe6 Qxe6 28.
Rhe1 Ne5 29. b3 a5 30. Bc3 a4 31. Bxe5 fxe5 32. Rd3 axb3 33. Rxb3 Rfb8 34. Ree3
Rxb3 35. Rxb3 Qh6+ 36. Qe3 Qxe3+ 37. Rxe3 Ra4 38. Kb2 c5 39. Kb3 Ra6 40. Kc4
Kf7 41. Kb5 Ra8 42. Kc6 Ke6 43. Rg3 Ra4 44. Rg6+ Kf7 45. Rxd6 Rxe4 46. Rd7+ Kf6
47. Kxc5 Rxh4 48. Rd6+ Ke7 49. Ra6 Rg4 50. Kd5 Rxg2 51. Re6+ Kf7 52. Rxe5 Rxc2
53. Rxh5 Rc3 54. a4 Rc8 55. Kd6 Ra8 56. a5 g6 57. Re5 Ra6+ 58. Kc7 Kf6 59. Rb5
Kg7 60. Kb7 Rf6 61. Rc5 Rf1 62. Rc6 Rb1+ 63. Rb6 Ra1 64. a6 g5 65. Rb2 Kh6 66.
Rh2+ Kg6 67. a7 g4 68. Rh8 Kg5 69. Rg8+ Kf4 70. Rf8+ Kg3 71. Rf7 Kg2 72. Re7 g3
73. Re2+ Kf1 74. Rc2 g2 1/2-1/2

[Event "ChFraOpenD2011"]
[Site "Caen"]
[Date "2011.08.17"]
[Round "2.10"]
[White "Imperor, Amelie"]
[Black "Buyukyalcin-Moussa, Kadir"]
[Result "0-1"]
[WhiteElo "1389"]
[BlackElo "1490"]
[PlyCount "35"]

1. e4 e6 2. d4 d5 3. exd5 exd5 4. Bd3 Bd6 5. Nf3 Nf6 6. O-O O-O 7. Bg5 Bg4 8.
h3 Bh5 9. Nc3 c6 10. a3 Nbd7 11. Re1 Qb6 12. Be3 c5 13. Bb5 Bxf3 14. Qxf3 cxd4
15. Bxd7 dxe3 16. Bf5 exf2+ 17. Qxf2 Bc5 18. Nxd5 0-1

[Event "ChFraOpenD2011"]
[Site "Caen"]
[Date "2011.08.18"]
[Round "3.1"]
[White "Pellegrini, Quentin"]
[Black "Barde, Quentin"]
[Result "0-1"]
[WhiteElo "1480"]
[BlackElo "1500"]
[PlyCount "62"]
[EventDate "2011.??.??"]

1. e4 e6 2. d4 d5 3. Nc3 Bb4 4. f3 c5 5. dxc5 Bxc3+ 6. bxc3 Ne7 7. Ba3 a6 8. c4
dxe4 9. Qxd8+ Kxd8 10. fxe4 Bd7 11. Rb1 Bc6 12. Bd3 f5 13. Ne2 Nd7 14. c3 Ne5
15. Rd1 Kc7 16. Nd4 Nxd3+ 17. Rxd3 Bxe4 18. Rg3 g6 19. Nxe6+ Kd7 20. Nd4 Rhe8
21. O-O Rac8 22. Rd1 Kc7 23. Rh3 h5 24. Ne6+ Kb8 25. Rd6 Rg8 26. Re3 g5 27. Re2
h4 28. Rb2 Nc6 29. Nd4 Ne5 30. Rdb6 Nxc4 31. Rxb7+ Bxb7 0-1

[Event "ChFraOpenD2011"]
[Site "Caen"]
[Date "2011.08.18"]
[Round "3.2"]
[White "Caldarola, Stephane"]
[Black "Wild, Christophe"]
[Result "1-0"]
[WhiteElo "1499"]
[BlackElo "1460"]
[PlyCount "46"]

1. d4 d5 2. c4 c6 3. Nc3 Nf6 4. Nf3 e6 5. e3 Be7 6. Bd3 O-O 7. O-O dxc4 8. Bxc4
Nbd7 9. a4 Nb6 10. Bd3 Nbd5 11. a5 Bb4 12. Bd2 Nxc3 13. Bxc3 Bxc3 14. bxc3 Qc7
15. Qe2 Nd7 16. Ng5 Nf6 17. f4 h6 18. Nf3 Bd7 19. Ne5 a6 20. g4 Nd5 21. Bc2
Nxc3 22. Qd3 f5 23. Qxc3 fxg4 1-0

[Event "ChFraOpenD2011"]
[Site "Caen"]
[Date "2011.08.18"]
[Round "3.3"]
[White "Pagandet, Eric"]
[Black "Hazarabedian, Guy"]
[Result "1-0"]
[WhiteElo "1499"]
[BlackElo "1454"]
[PlyCount "62"]

1. e4 c6 2. d4 d5 3. Nc3 dxe4 4. Nxe4 Bf5 5. Ng3 Bg6 6. Nf3 e6 7. Bd3 Bxd3 8.
Qxd3 Nd7 9. Bf4 Ngf6 10. O-O Be7 11. Rfe1 O-O 12. Ne4 Nxe4 13. Rxe4 Nf6 14. Re2
Qb6 15. c3 Rfd8 16. Qc2 Qb5 17. Ne5 Nd7 18. Nxd7 Rxd7 19. Re5 Qb6 20. Rh5 g6
21. Rh6 Bf8 22. Rh3 Bg7 23. Bh6 f6 24. Be3 Qd8 25. Qb3 Qe8 26. Bd2 Kh8 27. Re1
Re7 28. Rhe3 e5 29. dxe5 fxe5 30. Re4 Rd8 31. Bg5 Rd2 1-0

[Event "ChFraOpenD2011"]
[Site "Caen"]
[Date "2011.08.18"]
[Round "3.4"]
[White "Truphemus, Serge"]
[Black "Raffaelli, Alain"]
[Result "0-1"]
[WhiteElo "1499"]
[BlackElo "1445"]
[PlyCount "74"]

1. e4 e5 2. Nf3 Nc6 3. Bc4 h6 4. O-O Nf6 5. Nc3 d6 6. d4 exd4 7. Nxd4 Ne5 8. f3
Nxc4 9. Qe2 Nb6 10. b3 Be7 11. Bb2 O-O 12. Rad1 Re8 13. h3 d5 14. e5 Bc5 15.
Rfe1 Nh5 16. Qb5 Bxd4+ 17. Rxd4 Bd7 18. Qd3 Qg5 19. g4 Nf4 20. Qf1 Rxe5 21. Ne2
Nxe2+ 22. Rxe2 Rxe2 23. Qxe2 a6 24. a4 c5 25. Rd1 c4 26. Qh2 c3 27. Bxc3 Qe3+
28. Qf2 Qxc3 29. Qxb6 Qxf3 30. Rd3 Qe2 31. Qxb7 Qe1+ 32. Kg2 Rd8 33. Qb6 Qe2+
34. Kg3 Re8 35. Rxd5 Re3+ 36. Kh4 Qf2+ 37. Kh5 Rxh3# 0-1

[Event "ChFraOpenD2011"]
[Site "Caen"]
[Date "2011.08.18"]
[Round "3.5"]
[White "Mohr, Stephane"]
[Black "Kneib, Bernard"]
[Result "0-1"]
[WhiteElo "1440"]
[BlackElo "1498"]
[PlyCount "130"]

1. e4 d6 2. d4 Nf6 3. Nc3 g6 4. Be3 Bg7 5. h3 O-O 6. Nf3 c6 7. Bd3 Nbd7 8. Qd2
b5 9. O-O Qc7 10. Bh6 e5 11. Bxg7 Kxg7 12. dxe5 Nxe5 13. Nxe5 dxe5 14. Ne2 Rd8
15. Ng3 c5 16. Qg5 c4 17. Be2 h6 18. Qe3 Be6 19. c3 a6 20. a3 Qa7 21. Qxa7 Rxa7
22. Rfd1 Rad7 23. Rxd7 Rxd7 24. Rd1 Rxd1+ 25. Bxd1 Nd7 26. Nf1 Nc5 27. Nd2 Nd3
28. b3 f6 29. bxc4 bxc4 30. Kf1 Kf7 31. Be2 Nb2 32. f3 Ke7 33. Kf2 Kd6 34. Ke3
Kc5 35. f4 Kb5 36. fxe5 fxe5 37. Nb1 Ka4 38. Kd2 Kb3 39. Bd1+ Nxd1 40. Kxd1 Kb2
41. Nd2 Kxc3 42. Nf3 g5 43. Nxe5 Kd4 44. Nc6+ Kxe4 45. Kd2 Bd7 46. Ne7 Kd4 47.
Ng8 c3+ 48. Kc1 Bc6 49. g3 Bg2 50. h4 gxh4 51. gxh4 h5 52. Nf6 Bf3 53. Nd7 Be2
54. Nf6 Kc4 55. Ne4 Kb3 56. a4 Kc4 57. Nf6 a5 58. Kc2 Bf3 59. Kc1 Kb3 60. Nd7
Kxa4 61. Nc5+ Kb4 62. Nd3+ Kb3 63. Nc5+ Kc4 64. Ne6 a4 65. Nc7 a3 0-1

[Event "ChFraOpenD2011"]
[Site "Caen"]
[Date "2011.08.18"]
[Round "3.6"]
[White "Dupeux, Simeon"]
[Black "Bazin, Nicolas"]
[Result "1-0"]
[WhiteElo "1493"]
[BlackElo "1440"]
[PlyCount "43"]

1. e4 c5 2. Nf3 d6 3. d4 cxd4 4. Nxd4 g6 5. Nc3 Bg7 6. Be3 Bd7 7. Bc4 Nc6 8. f3
Qb6 9. Nd5 Qd8 10. Qd2 a6 11. Nxc6 bxc6 12. Bb6 Qb8 13. Nc7+ Kf8 14. Nxa8 Qxa8
15. Bd4 e5 16. Bc5 dxc5 17. Qxd7 Qe8 18. Qxe8+ Kxe8 19. Bxa6 Ke7 20. a4 Nf6 21.
a5 Ne8 22. Bb7 1-0

[Event "ChFraOpenD2011"]
[Site "Caen"]
[Date "2011.08.18"]
[Round "3.7"]
[White "Buyukyalcin-Moussa, Kadir"]
[Black "Dulauroy, Philippe"]
[Result "1/2-1/2"]
[WhiteElo "1490"]
[BlackElo "1413"]
[PlyCount "44"]

1. e4 e6 2. d4 d5 3. Nc3 c5 4. dxc5 Bxc5 5. exd5 Qb6 6. Ne4 Qb4+ 7. Nc3 Bd4 8.
Nge2 e5 9. a3 Qe7 10. Nxd4 exd4+ 11. Ne2 Nf6 12. Qxd4 h6 13. g3 O-O 14. Bg2 Bg4
15. Be3 Rd8 16. Nf4 Bf5 17. c4 Nc6 18. Qc5 Ne4 19. Bxe4 Qxc5 20. Bxc5 Bxe4 21.
O-O b6 22. Be3 Ne5 1/2-1/2